Protecting the ozone layer : the United Nations history

Bibliographic Details
Main Author: ANDERSEN
Format: Book
Published: London; Sterling, VA : Earthscan Pub. , 2002
Subjects:

MARC

LEADER 00000cam a2200000 7i4500
001 0000002964
005 20040325.0
020 0 0 |a 1853839051 
090 0 0 |a 363.7387526   |b AND 2002 
100 1 0 |a ANDERSEN   |h Stephen O. 
245 1 0 |a Protecting the ozone layer :   |b the United Nations history   |c by Stephen O. Andersen and K. Madhava Sarma; edited by Lani Sinclair 
260 0 0 |a London; Sterling, VA :   |b Earthscan Pub. ,   |c 2002 
300 |a xxix, 513 p. :   |b ill. (some col.) ;   |c 25 cm. 
500 0 0 |a Includes index 
650 0 0 |a Ozone layer depletion   |x Prevention   |x History   |y 20th century 
998 |a JPSM 
999 |a 0000005218   |b Monograph   |c Open Shelf   |e Default branch